| 000 | 00586nam a2200229Ia 4500 | ||
|---|---|---|---|
| 003 | OSt | ||
| 005 | 20220928144150.0 | ||
| 006 | a|||||r|||| 00| 0 | ||
| 007 | ta | ||
| 008 | 220927b |||||||| |||| 00| 0 eng d | ||
| 024 | _a60740 | ||
| 037 | _cTextual | ||
| 040 |
_aSDCL _cSDCL _beng |
||
| 041 |
_2eng _aeng |
||
| 082 | _aG9X:(JB), N8 | ||
| 100 |
_aBruce Ed. _9507241 |
||
| 245 | 0 | _aForest products biotechnology. | |
| 260 | _c1998 | ||
| 700 |
_a Palfreyman Ed. _9507242 |
||
| 942 |
_hG9X:(JB), N8 _cTEXL _2CC |
||
| 999 |
_c826582 _d826582 |
||